<?xml version="1.0" encoding="UTF-8"?>
<marc:record xmlns:marc="http://www.loc.gov/MARC21/slim">
   <marc:leader>00000nam a2200000 a 4500</marc:leader>
   <marc:datafield ind1="1" ind2=" " tag="100">
      <marc:subfield code="a">Drouve, Andreas</marc:subfield>
      <marc:subfield code="4">aut</marc:subfield>
      <marc:subfield code="e">Verfasser/-in</marc:subfield>
   </marc:datafield>
   <marc:datafield ind1="1" ind2=" " tag="100">
      <marc:subfield code="a">Allhoff, Michael</marc:subfield>
      <marc:subfield code="4">aut</marc:subfield>
      <marc:subfield code="e">Verfasser/-in</marc:subfield>
   </marc:datafield>
   <marc:datafield ind1=" " ind2=" " tag="653">
      <marc:subfield code="a">Altstadt von Peniscola</marc:subfield>
   </marc:datafield>
   <marc:datafield ind1=" " ind2=" " tag="653">
      <marc:subfield code="a">Cartagena</marc:subfield>
   </marc:datafield>
   <marc:datafield ind1=" " ind2=" " tag="653">
      <marc:subfield code="a">Catedral</marc:subfield>
   </marc:datafield>
   <marc:datafield ind1=" " ind2=" " tag="653">
      <marc:subfield code="a">Costa Calida</marc:subfield>
   </marc:datafield>
   <marc:datafield ind1=" " ind2=" " tag="653">
      <marc:subfield code="a">Costa del Azahar</marc:subfield>
   </marc:datafield>
   <marc:datafield ind1=" " ind2=" " tag="653">
      <marc:subfield code="a">Guadalest</marc:subfield>
   </marc:datafield>
   <marc:datafield ind1=" " ind2=" " tag="653">
      <marc:subfield code="a">Lonja de la Seda</marc:subfield>
   </marc:datafield>
   <marc:datafield ind1=" " ind2=" " tag="653">
      <marc:subfield code="a">Mercat Central</marc:subfield>
   </marc:datafield>
   <marc:datafield ind1=" " ind2=" " tag="653">
      <marc:subfield code="a">Naturpark Serra d´Irta</marc:subfield>
   </marc:datafield>
   <marc:datafield ind1=" " ind2=" " tag="653">
      <marc:subfield code="a">Strände von Benidorm</marc:subfield>
   </marc:datafield>
   <marc:datafield ind1=" " ind2=" " tag="653">
      <marc:subfield code="a">Valencia</marc:subfield>
   </marc:datafield>
   <marc:datafield ind1=" " ind2=" " tag="653">
      <marc:subfield code="a">Softcover / Reisen/Reiseführer/Europa</marc:subfield>
   </marc:datafield>
   <marc:datafield ind1=" " ind2=" " tag="653">
      <marc:subfield code="a">Spanien</marc:subfield>
   </marc:datafield>
   <marc:datafield ind1=" " ind2=" " tag="653">
      <marc:subfield code="a">Alicante</marc:subfield>
   </marc:datafield>
   <marc:datafield ind1=" " ind2=" " tag="653">
      <marc:subfield code="a">Xabia</marc:subfield>
   </marc:datafield>
   <marc:datafield ind1=" " ind2=" " tag="653">
      <marc:subfield code="a">Altea</marc:subfield>
   </marc:datafield>
   <marc:datafield ind1=" " ind2=" " tag="653">
      <marc:subfield code="a">Denia</marc:subfield>
   </marc:datafield>
   <marc:datafield ind1=" " ind2=" " tag="653">
      <marc:subfield code="a">Terra Mitica</marc:subfield>
   </marc:datafield>
   <marc:datafield ind1=" " ind2=" " tag="653">
      <marc:subfield code="a">Calpe</marc:subfield>
   </marc:datafield>
   <marc:datafield ind1=" " ind2=" " tag="653">
      <marc:subfield code="a">Benidorm</marc:subfield>
   </marc:datafield>
   <marc:datafield ind1=" " ind2=" " tag="653">
      <marc:subfield code="a">Mundo Mar</marc:subfield>
   </marc:datafield>
   <marc:datafield ind1=" " ind2=" " tag="653">
      <marc:subfield code="a">Führer</marc:subfield>
   </marc:datafield>
   <marc:datafield ind1="0" ind2="0" tag="245">
      <marc:subfield code="a">Costa Blanca, Costa del Azahar, València, Costa Cálida</marc:subfield>
   </marc:datafield>
   <marc:datafield ind1="0" ind2="0" tag="245">
      <marc:subfield code="c">Marco Polo Koautor Michael Allhoff ; Autor: Andreas Drouve</marc:subfield>
   </marc:datafield>
   <marc:datafield ind1=" " ind2="1" tag="264">
      <marc:subfield code="a">Ostfildern</marc:subfield>
      <marc:subfield code="b">MairDumont GmbH &amp; Co. KG</marc:subfield>
      <marc:subfield code="c">2017</marc:subfield>
   </marc:datafield>
   <marc:datafield ind1="1" ind2=" " tag="490">
      <marc:subfield code="a">Marco Polo</marc:subfield>
   </marc:datafield>
   <marc:datafield ind1=" " ind2=" " tag="250">
      <marc:subfield code="a">10. Auflage, komplett überarbeitet und neu gestaltet</marc:subfield>
   </marc:datafield>
   <marc:datafield ind1="1" ind2=" " tag="520">
      <marc:subfield code="a">Angaben aus der Verlagsmeldung

MARCO POLO Reiseführer Costa Blanca, Costa del Azahar, Valencia Costa Cálida : Reisen mit Insider-Tipps. Inklusive kostenloser Touren-App &amp; Update-Service / von Andreas Drouve

Kompakte Informationen, Insider-Tipps, Erlebnistouren und digitale Extras:
Erleben Sie mit MARCO POLO die Costa Blanca und ihr Hinterland intensiv von den Stränden bei Benidorm bis zur angesagten Mittelmeermetropole València – mit dem MARCO POLO Reiseführer kommen Sie sofort an der Costa Blanca an. Erfahren Sie, welche Highlights Sie neben der Altstadt von Peñíscola und dem Palmenwald El Palmeral in Elx nicht verpassen dürfen, dass Sie im Museo de Microminiaturas in Guadalest Kuriositäten wie ein Goya-Gemälde auf einem Fliegenflügel bestaunen können und wann Sie Valèncias schönste Renaissancekirche besuchen sollten, um in den Genuss der gregorianischen Gesänge des 20-köpfigen Chors zu kommen. Mit den MARCO POLO Ausflügen und Touren erkunden Sie die Costa Blanca auf besonderen Wegen und mit den Low-Budget-Tipps sparen Sie bares Geld.
Die Insider-Tipps des Autors lassen Sie die Costa Blanca individuell und authentisch erleben und mit den Low-Budget-Tipps sparen Sie bares Geld. Erkunden Sie die Costa Blanca in all ihren Facetten mit den maßgeschneiderten MARCO POLO Erlebnistouren. Das speziell dafür entwickelte Design sorgt - schon beim Lesen und umso mehr vor Ort - für größtmögliche Orientierung.
Die kostenlose Touren-App führt Sie digital (und ohne Roaminggebühren) auf den besonderen Wegen der Erlebnistouren. Und der Online-Update-Service mit aktuellen Veranstaltungen (Ausstellungen, Konzerten, Festivals, Sportevents...) für die nächsten 6 Monate, brandaktuellen Informationen zu den Printinhalten und zusätzlichen Insider-Tipps hält Sie immer auf dem neuesten Stand. In jedem Band gibt es einen übersichtlichen Reiseatlas und eine herausnehmbare Faltkarte - in beide sind natürlich die Erlebnistouren eingetragen.
</marc:subfield>
   </marc:datafield>
   <marc:datafield ind1=" " ind2=" " tag="020">
      <marc:subfield code="a">9783829727327</marc:subfield>
      <marc:subfield code="9">9783829727327</marc:subfield>
   </marc:datafield>
   <marc:datafield ind1=" " ind2=" " tag="020">
      <marc:subfield code="a">3829727321</marc:subfield>
      <marc:subfield code="9">3829727321</marc:subfield>
   </marc:datafield>
   <marc:datafield ind1=" " ind2=" " tag="041">
      <marc:subfield code="a">ger</marc:subfield>
   </marc:datafield>
   <marc:datafield ind1=" " ind2=" " tag="300">
      <marc:subfield code="a">136 Seiten</marc:subfield>
   </marc:datafield>
</marc:record>
